[Event "21st Hogeschool Zeeland 2017"]
[Site "Vlissingen"]
[Date "2017.08.12"]
[Round "9"]
[White "Kuipers, Stefan"]
[Black "Klepke, Ricardo"]
[Result "1-0"]
[WhiteElo "2399"]
[BlackElo "2205"]
[Annotator "NA"]
[PlyCount "157"]
[EventDate "2017.??.??"]
[SourceTitle "playchess.com"]
[Source "ChessBase"]
[SourceQuality "1"]
[TimeControl "40/5400+30:1800+30"]

{[%evp 8,153,22,15,20,32767,32767,32767,63,49,43,38,83,99,126,129,98,2,3,2,9,14,15,9,67,65,66,12,48,19,58,51,64,56,70,37,45,36,83,81,91,76,76,68,79,47,112,101,103,32767,32767,32767,32767,32767,32767,32767,113,32767,97,124,32767,32767,118,133,32767,32767,32767,111,140,147,160,184,158,135,138,133,139,153,143,137,142,104,32767,32767,32767,32767,32767,32767,150,172,151,168,158,120,123,125,32767,32767,32767,32767,32767,32767,32767,32767,32767,32767,32767,32767,32767,32767,32767,32767,32767,32767,32767,154,147,122,138,118,157,120,150,156,147,156,134,149,140,169,170,150,128,171,32767,187,32767,205,297,358,32767,32767,32767,12843,456,29972,29974,29976]} 1. e4 {[%emt 0:00:00]} c5 {[%emt 0:00:06]} 2. Nf3 {[%emt 0:00:00]} d6 {[%emt 0:00:08]} 3. d4 {[%emt 0:00:00]} cxd4 {[%emt 0:00:07]} 4. Nxd4 {[%emt 0:00:00]} Nf6 {[%emt 0:00:08]} 5. Nc3 {[%emt 0:00:00]} a6 {[%emt 0:00:05] LiveBook: 60719 Games} 6. Qd3 {[%emt 0:00:00] B90: Sicilian Najdorf: Unusual White 6th moves, 6 Be3 Ng4 and 6 Be3 e5} (6. h3 e6 7. g4 h6 8. Bg2 Be7 9. Be3 Nc6 10. f4 Nd7 11. O-O O-O 12. Nf3 b5 13. Ne2 Bb7 14. Ng3 Rc8 15. c3 Na5 16. Bf2 {½-½ (46) Harikrishna,P (2737)-Navara,D (2737) Biel 2017}) 6... Nc6 {[%emt 0:05:09]} 7. Bg5 {[%emt 0:01:38]} Qa5 {[%emt 0:06:47]} 8. f4 {[%emt 0:04:05]} (8. Bxf6 $5 gxf6 9. Nb3 $11) 8... Nxd4 {[%emt 0:07:01]} 9. Qxd4 {[%emt 0:00:17]} Be6 $146 {[%emt 0:00:19]} ({Predecessor:} 9... e5 $11 10. Qd2 Be7 11. f5 b5 12. Bxf6 Bxf6 13. Qxd6 Bb7 14. O-O-O Rd8 15. Qc5 Rc8 16. Qa7 {½-½ (27) Grabics,M (2355)-Kovalevskaya,E (2480) Rotterdam 1998}) 10. b4 {[%emt 0:14:59]} Qc7 {[%emt 0:01:57]} ({Better is} 10... Qd8 $1 $14) 11. f5 {[%emt 0:00:38]} Rc8 {[%emt 0:08:32]} 12. fxe6 {[%emt 0:01:59]} (12. Nb5 $1 $16 {[%cal Rb5c7]} axb5 13. fxe6 fxe6 14. Bxb5+ Kf7 15. c4 (15. O-O h6 $16)) 12... Qxc3+ {[%emt 0:00:25]} 13. Qxc3 {[%emt 0:00:06]} Rxc3 {[%emt 0:00:07]} 14. exf7+ {[%emt 0:00:05]} Kxf7 {[%emt 0:00:20]} 15. Bd3 {[%emt 0:00:07]} e5 {[%emt 0:05:41]} 16. Bd2 {[%emt 0:06:23]} Rc7 {[%emt 0:03:01]} 17. Rf1 {[%emt 0:05:02]} ({Better is} 17. c4 $16) 17... Be7 {[%emt 0:04:42]} 18. Ke2 {[%emt 0:02:11]} Ke6 {[%emt 0:02:42]} 19. c4 {[%emt 0:04:14]} Rf8 {[%emt 0:09:19]} 20. Rac1 {[%emt 0:06:31]} h6 {[%emt 0:04:26]} 21. Bc3 {[%emt 0:06:27]} b6 {[%emt 0:07:37]} 22. Bd2 {[%emt 0:05:37]} Nh5 {[%emt 0:06:03]} 23. Rxf8 {[%emt 0:06:00]} Bxf8 {[%emt 0:00:07]} 24. g3 {[%emt 0:00:15]} Nf6 {[%emt 0:02:08]} 25. Be3 {[%emt 0:03:23]} Nd7 {[%emt 0:01:55]} 26. Rc3 {[%emt 0:07:46]} Rb7 {[%emt 0:02:25]} ({Better is} 26... Be7 $14) 27. Bc2 {[%emt 0:04:16]} Nb8 {[%emt 0:04:34]} 28. c5 {[%emt 0:06:49]} Rc7 {[%emt 0:04:25]} 29. Bb3+ {[%emt 0:01:00]} Kd7 {[%emt 0:01:02]} 30. Rd3 {[%emt 0:00:58]} bxc5 {[%emt 0:01:03]} 31. Bxc5 {[%emt 0:02:01]} Nc6 {[%emt 0:01:14]} 32. a3 {[%emt 0:01:01]} Nd4+ {[%emt 0:05:30]} 33. Bxd4 {[%emt 0:00:07]} exd4 {[%emt 0:00:04]} 34. Rxd4 {[%emt 0:00:12]} Be7 {[%emt 0:00:36]} 35. e5 {[%emt 0:01:12]} Rc3 {[%emt 0:00:34]} 36. e6+ {[%emt 0:00:53]} Kd8 {[%emt 0:01:07]} 37. Rd3 {[%emt 0:00:45]} Rc1 {[%emt 0:01:00]} 38. Kf3 {[%emt 0:04:39]} Kc7 {[%emt 0:02:27]} 39. Ke4 {[%emt 0:01:05]} g6 {[%emt 0:01:05]} 40. Rd2 {[%emt 0:02:52]} Re1+ {[%emt 0:31:02]} 41. Kd3 {[%emt 0:32:12]} Re5 {[%emt 0:03:10]} 42. Rc2+ {[%emt 0:00:00]} Kb6 {[%emt 0:00:00]} 43. Rc8 {[%emt 0:00:00]} d5 {[%emt 0:00:00]} 44. Kd4 {[%emt 0:00:00]} Rxe6 {[%emt 0:00:00]} 45. Bxd5 {[%emt 0:00:00]} Bf6+ {[%emt 0:00:00]} 46. Kc4 {[%emt 0:00:00]} Rd6 {[%emt 0:00:00]} 47. Rc5 {[%emt 0:00:00]} Ka7 {[%emt 0:00:00]} 48. Rc7+ {[%emt 0:00:00]} Kb8 {[%emt 0:00:00]} 49. Rb7+ {[%emt 0:00:00]} Kc8 {[%emt 0:00:00]} 50. Rh7 {[%emt 0:00:00]} Bg5 {[%emt 0:00:00]} 51. a4 {[%emt 0:00:00]} Be3 {[%emt 0:00:00]} 52. h3 {[%emt 0:00:00]} h5 {[%emt 0:00:00]} 53. Rh8+ {[%emt 0:00:00]} Kc7 {[%emt 0:00:00]} 54. Rg8 {[%emt 0:00:00]} Bf2 {[%emt 0:00:00]} 55. Rg7+ {[%emt 0:00:00]} Kc8 {[%emt 0:00:00]} 56. Rg8+ {[%emt 0:00:00]} Kc7 {[%emt 0:00:00]} 57. Rg7+ {[%emt 0:00:00]} Kc8 {[%emt 0:00:00]} 58. g4 {[%emt 0:00:00]} Be3 {[%emt 0:00:00]} 59. Rg8+ {[%emt 0:00:00]} Kc7 {[%emt 0:00:00]} 60. Rg7+ {[%emt 0:00:00]} Kc8 {[%emt 0:00:00]} 61. gxh5 {[%emt 0:03:17]} gxh5 {[%emt 0:00:00]} 62. Re7 {[%emt 0:01:29]} Bf2 {[%emt 0:00:00]} 63. Rf7 {[%emt 0:01:14]} Be3 {[%emt 0:00:00]} 64. Rf3 {[%emt 0:01:11]} Bg1 {[%emt 0:00:00]} 65. Rf8+ {[%emt 0:00:07]} Kc7 {[%emt 0:00:00]} 66. Rh8 {[%emt 0:00:05]} Rf6 {[%emt 0:02:06]} 67. Rxh5 {[%emt 0:00:06]} Be3 {[%emt 0:00:18]} 68. Rh7+ {[%emt 0:02:46]} Kd6 {[%emt 0:00:15]} 69. Bb7 {[%emt 0:00:35]} Rf4+ {[%emt 0:01:10] [#]} 70. Kd3 $1 {[%emt 0:00:05]} Bf2 {[%emt 0:00:17]} 71. Rh6+ {[%emt 0:00:26]} ({Don't play} 71. Bxa6 $6 Rxb4 72. Bb5 Rh4 $14) 71... Kc7 {[%emt 0:01:00]} 72. Be4 {[%emt 0:00:25]} ({Resist} 72. Bxa6 $6 Rxb4 73. Bb5 Rh4 $16) ({And not} 72. Rxa6 Kxb7 73. Rg6 Rxb4 $11) 72... Be1 {[%emt 0:00:18] [#]} 73. b5 $1 {[%emt 0:01:06]} ({Not} 73. Rxa6 Bxb4 74. Rc6+ Kd8 $16) 73... axb5 {[%emt 0:00:12]} 74. axb5 {[%emt 0:00:05]} Rh4 {[%emt 0:02:08] [#]} 75. b6+ $1 {[%emt 0:02:36]} Kb8 {[%emt 0:00:53]} 76. Rxh4 {[%emt 0:03:18]} Bxh4 {[%emt 0:00:15]} 77. Ke3 {[%emt 0:00:37]} Bg3 {[%emt 0:01:09]} 78. Kf3 {[%emt 0:00:06]} Bh2 {[%emt 0:00:31]} 79. h4 {[%emt 0:00:33]} 1-0

[Event "21st Hogeschool Zeeland 2017"]
[Site "Vlissingen"]
[Date "2017.08.12"]
[Round "9"]
[White "Van Delft, Merijn"]
[Black "Sparenberg, Erik"]
[Result "1/2-1/2"]
[WhiteElo "2393"]
[BlackElo "2158"]
[Annotator "TA"]
[PlyCount "73"]
[EventDate "2017.??.??"]
[SourceTitle "playchess.com"]
[Source "ChessBase"]
[SourceQuality "1"]

{[%evp 21,73,37,46,17,29,25,31,22,36,19,19,12,16,13,20,10,27,25,34,18,30,33,50,48,34,8,42,41,41,46,47,39,116,123,116,104,63,0,0,0,0,0,0,0,0,0,0,-38,-37,-58,-1,-59,-18,-60]} 1. e4 e5 2. Nf3 Nc6 3. Bb5 a6 4. Ba4 Nf6 5. d3 d6 6. c3 Be7 7. O-O O-O 8. Re1 b5 9. Bc2 Re8 10. Nbd2 Bf8 11. h3 g6 {LiveBook: 5 Games. C87: Closed Ruy Lopez: Steinitz-type lines after 6 Re1 d6} (11... h6 12. a4 b4 13. a5 Rb8 14. Nc4 g6 15. Bd2 bxc3 16. bxc3 Bg7 17. d4 exd4 18. cxd4 Nb4 19. Bb1 {1-0 (34) Nepomniachtchi,I (2742)-Inarkiev,E (2707) Geneve 2017}) 12. d4 {[%cal Bd3d4,Bd4d5][%mdl 32]} Bg7 13. a4 $146 {axb5 is the strong threat.} ({Predecessor:} 13. d5 Ne7 14. a4 Bd7 15. c4 Nh5 16. Nb3 Rf8 17. Na5 bxc4 18. Nxc4 f5 19. exf5 Bxf5 20. Bxf5 Nxf5 {1-0 (46) Yudasin,L (2562)-Ibragimov,I (2579) Philadelphia 2001}) 13... b4 {White has an edge.} 14. a5 Rb8 15. Ba4 Bd7 16. d5 bxc3 17. bxc3 Na7 18. c4 {[%cal Bc3c4,Bc4c5,Bc5c6][%mdl 32]} Bxa4 19. Qxa4 Qd7 20. Qc2 Bh6 21. c5 $36 {[%mdl 2048] Black is under pressure.} Rec8 22. Nc4 Bxc1 23. Rexc1 (23. c6 $5 {[%cal Rc6d7]} Qd8 24. Qxc1 $16 (24. Rexc1 Rb4 $16) (24. Raxc1 Rb5 $16)) 23... Rb5 24. c6 Qd8 25. Qd3 Rcb8 26. Nfd2 Nh5 (26... Rb4 $14) 27. Qe3 $16 Nc8 {[#]} 28. Rcb1 $1 f5 29. f3 (29. Na3 $14 Rxb1+ 30. Rxb1 Rxb1+ 31. Naxb1) 29... Nf4 $11 30. Kh2 Qh4 {And now ...Rxb1 would win.} 31. Rxb5 Rxb5 32. Qe1 Qxe1 33. Rxe1 Nd3 34. Re3 Nc5 35. g4 f4 (35... fxe4 $15 36. Nxe4 Kg7) 36. Ra3 ({Better is} 36. Re1 $11) 36... Kf7 37. Ra1 {Precision: White = 44%, Black = 44%.} 1/2-1/2

[Event "21st Hogeschool Zeeland 2017"]
[Site "Vlissingen"]
[Date "2017.08.12"]
[Round "9"]
[White "Lai, Hing Ting"]
[Black "Leenhouts, Koen"]
[Result "1-0"]
[WhiteElo "2388"]
[BlackElo "2486"]
[Annotator "TA"]
[PlyCount "57"]
[EventDate "2017.??.??"]
[SourceTitle "playchess.com"]
[Source "ChessBase"]
[SourceQuality "1"]

{[%evp 24,57,163,179,280,277,275,261,264,256,331,285,267,261,384,381,364,240,423,410,482,457,466,467,445,430,733,675,662,645,742,746,1085,1085,1062,1047]} 1. d4 Nf6 2. c4 e6 3. Nf3 c5 4. d5 exd5 5. cxd5 g6 6. Nc3 d6 7. Bf4 a6 8. a4 Bg7 9. h3 O-O 10. e3 Re8 {A61: Modern Benoni: Nf3 without early e4} (10... Qe7 11. Nd2 Nbd7 12. Nc4 Ne8 13. a5 Ne5 14. Nb6 Rb8 15. Be2 f5 16. O-O Nf6 17. Rc1 Nfd7 18. Nca4 {0-1 (39) Kacheishvili,G (2590)-Mareco,S (2648) Saint Louis 2017}) 11. Nd2 Nh5 12. Bh2 f5 13. Be2 {LiveBook: 8 Games} f4 (13... Nf6 $142 14. Nc4 Ne4) 14. O-O $18 (14. exf4 Qe7 $16) 14... fxe3 15. fxe3 Qg5 16. Bxh5 (16. Bxd6 Qxe3+ 17. Kh1 Ng3+ 18. Bxg3 Qxg3 $16) 16... gxh5 {[#]} 17. Kh1 $146 (17. Bxd6 $6 Qxe3+ 18. Kh1 Qh6 $16) ({Predecessor:} 17. Nc4 Qg6 18. Kh1 {1-0 (26) Sanikidze,T (2531)-Misiano,F (2293) Zuerich 2011}) 17... Bf5 18. Nc4 {[%cal Bd2c4,Bc4d6,Bd6e4][%mdl 32]} ({Don't do} 18. Bxd6 $6 Bxc3 19. Bf4 (19. bxc3 Bd3 $16) 19... Qd8 $16) 18... Bg6 (18... Nd7 $142 19. Nxd6 Rf8) 19. Nxd6 Rf8 20. Nde4 ({Less strong is} 20. Nxb7 Rxf1+ 21. Qxf1 Nd7 $18) 20... Qe7 $2 (20... Rxf1+ {was called for.} 21. Qxf1 Qh4) 21. Qb3 {[#] Hoping for d6+.} c4 22. Rxf8+ {White is clearly winning.} Bxf8 23. Qxc4 Nd7 24. Rf1 {aiming for d6+.} b5 (24... Qe8 $142 25. Qc7 Bxe4 26. Nxe4 Qxe4) 25. axb5 axb5 26. Qc6 Rd8 27. Bc7 Rc8 28. d6 Qg7 {[#]} 29. Qxd7 $1 {[%mdl 512] Precision: White = 91%, Black = 16%.} 1-0

[Event "21st Hogeschool Zeeland 2017"]
[Site "Vlissingen"]
[Date "2017.08.12"]
[Round "9"]
[White "Maatman, Nick"]
[Black "Zwirs, Nico"]
[Result "1/2-1/2"]
[WhiteElo "2386"]
[BlackElo "2399"]
[Annotator "ChessBase"]
[PlyCount "156"]
[EventDate "2017.??.??"]
[SourceTitle "playchess.com"]
[Source "ChessBase"]
[SourceQuality "1"]
[TimeControl "40/5400+30:1800+30"]

1. d4 {[%emt 0:00:00]} d6 {[%emt 0:00:27]} 2. c4 {[%emt 0:10:19]} e5 {[%emt 0:00:42]} 3. Nf3 {[%emt 0:00:03]} exd4 {[%emt 0:00:51]} 4. Nxd4 {[%emt 0:00:09]} g6 {[%emt 0:00:58]} 5. g3 {[%emt 0:01:35]} Bg7 {[%emt 0:02:02]} 6. Bg2 {[%emt 0:00:06]} Ne7 {[%emt 0:03:43]} 7. Nc3 {[%emt 0:01:33]} Nbc6 {[%emt 0:00:19]} 8. Nxc6 {[%emt 0:00:35]} bxc6 {[%emt 0:00:06]} 9. O-O {[%emt 0:05:41]} O-O {[%emt 0:00:09]} 10. Qc2 {[%emt 0:05:13]} Bf5 {[%emt 0:04:42]} 11. e4 {[%emt 0:00:41]} Be6 {[%emt 0:01:21]} 12. b3 {[%emt 0:00:18]} c5 {[%emt 0:02:02]} 13. Bb2 {[%emt 0:06:43]} Nc6 {[%emt 0:11:30]} 14. Rae1 {[%emt 0:01:10]} Qd7 {[%emt 0:07:58]} 15. f4 {[%emt 0:08:38]} Rae8 {[%emt 0:11:42]} 16. Qd2 {[%emt 0:06:44]} Nd4 {[%emt 0:21:14]} 17. Ne2 {[%emt 0:06:00]} Nxe2+ {[%emt 0:02:05]} 18. Rxe2 {[%emt 0:00:04]} Bg4 {[%emt 0:04:41]} 19. Re3 {[%emt 0:06:05]} Bxb2 {[%emt 0:02:01]} 20. Qxb2 {[%emt 0:00:43]} Bh3 {[%emt 0:02:24]} 21. Bxh3 {[%emt 0:07:50]} Qxh3 {[%emt 0:00:03]} 22. Rfe1 {[%emt 0:00:16]} Re7 {[%emt 0:03:33]} 23. Qd2 {[%emt 0:10:51]} Rfe8 {[%emt 0:02:23]} 24. R1e2 {[%emt 0:03:59]} Qc8 {[%emt 0:06:55]} 25. Qe1 {[%emt 0:02:29]} Qa6 {[%emt 0:01:25]} 26. Qf2 {[%emt 0:01:07]} Qc6 {[%emt 0:00:21]} 27. Qe1 {[%emt 0:03:40]} Qa6 {[%emt 0:06:32]} 28. Qd2 {[%emt 0:00:42]} Re6 {[%emt 0:01:28]} 29. Qd5 {[%emt 0:02:57]} Qa3 {[%emt 0:00:05]} 30. Qd2 {[%emt 0:03:10]} Qa6 {[%emt 0:00:28]} 31. h4 {[%emt 0:00:39]} Qc8 {[%emt 0:00:34]} 32. Qd5 {[%emt 0:01:16]} R6e7 {[%emt 0:00:50]} 33. Kg2 {[%emt 0:00:23]} Qg4 {[%emt 0:00:34]} 34. Qg5 {[%emt 0:00:25]} Qe6 {[%emt 0:00:45]} 35. h5 {[%emt 0:01:29]} f6 {[%emt 0:00:17]} 36. Qh4 {[%emt 0:01:28]} Qf7 {[%emt 0:00:32]} 37. hxg6 {[%emt 0:00:41]} Qxg6 {[%emt 0:00:13]} 38. Kf3 {[%emt 0:00:42]} Rg7 {[%emt 0:00:54]} 39. Kf2 {[%emt 0:00:55]} a5 {[%emt 0:00:18]} 40. Qh3 {[%emt 0:01:31]} Rge7 {[%emt 0:30:27]} 41. Kf3 {[%emt 0:03:08]} h5 {[%emt 0:00:00]} 42. g4 {[%emt 0:04:21]} hxg4+ {[%emt 0:00:00]} 43. Qxg4 {[%emt 0:00:04]} Qxg4+ {[%emt 0:00:00]} 44. Kxg4 {[%emt 0:00:02]} Rh7 {[%emt 0:00:00]} 45. Rg3 {[%emt 0:08:37]} Rg7+ {[%emt 0:00:00]} 46. Kf3 {[%emt 0:00:15]} Rxg3+ {[%emt 0:00:00]} 47. Kxg3 {[%emt 0:00:01]} Kf7 {[%emt 0:00:00]} 48. Kf3 {[%emt 0:03:00]} Rh8 {[%emt 0:00:00]} 49. e5 {[%emt 0:03:47]} fxe5 {[%emt 0:00:00]} 50. fxe5 {[%emt 0:00:07]} Ke6 {[%emt 0:00:00]} 51. exd6+ {[%emt 0:00:12]} Kxd6 {[%emt 0:00:00]} 52. Rg2 {[%emt 0:01:18]} Kc6 {[%emt 0:00:11]} 53. Ke4 {[%emt 0:00:51]} Kb6 {[%emt 0:03:47]} 54. Kd3 {[%emt 0:00:36]} Rh3+ {[%emt 0:01:03]} 55. Kc2 {[%emt 0:00:14]} a4 {[%emt 0:00:18]} 56. bxa4 {[%emt 0:00:49]} Ka5 {[%emt 0:00:31]} 57. Kb2 {[%emt 0:03:13]} Kxa4 {[%emt 0:00:29]} 58. Rg7 {[%emt 0:03:36]} Rh2+ {[%emt 0:00:20]} 59. Kc3 {[%emt 0:00:16]} Rh3+ {[%emt 0:00:22]} 60. Kd2 {[%emt 0:00:22]} Kb4 {[%emt 0:00:14]} 61. Rxc7 {[%emt 0:00:10]} Kxc4 {[%emt 0:01:02]} 62. Rg7 {[%emt 0:00:17]} Rh2+ {[%emt 0:00:49]} 63. Kc1 {[%emt 0:00:06]} Rxa2 {[%emt 0:00:32]} 64. Rg3 {[%emt 0:00:15]} Kb4 {[%emt 0:00:51]} 65. Rh3 {[%emt 0:00:41]} Ra1+ {[%emt 0:01:29]} 66. Kc2 {[%emt 0:00:05]} Rg1 {[%emt 0:00:03]} 67. Rf3 {[%emt 0:00:15]} Rg2+ {[%emt 0:00:08]} 68. Kc1 {[%emt 0:00:05]} c4 {[%emt 0:00:16]} 69. Rh3 {[%emt 0:00:36]} Rg5 {[%emt 0:01:14]} 70. Kc2 {[%emt 0:00:21]} Ra5 {[%emt 0:00:23]} 71. Rg3 {[%emt 0:00:12]} Ra2+ {[%emt 0:00:03]} 72. Kc1 {[%emt 0:00:06]} Ra3 {[%emt 0:00:03]} 73. Rxa3 {[%emt 0:01:02]} Kxa3 {[%emt 0:00:03]} 74. Kc2 {[%emt 0:00:04]} Kb4 {[%emt 0:00:02]} 75. Kb2 {[%emt 0:00:05]} c3+ {[%emt 0:00:02]} 76. Kc1 {[%emt 0:00:25]} Kb3 {[%emt 0:00:08]} 77. Kb1 {[%emt 0:00:03]} c2+ {[%emt 0:00:09]} 78. Kc1 {[%emt 0:00:04]} Kc3 {[%emt 0:00:02]} 1/2-1/2

[Event "21st Hogeschool Zeeland 2017"]
[Site "Vlissingen"]
[Date "2017.08.12"]
[Round "9"]
[White "Vedder, Henk"]
[Black "Czebe, Attila"]
[Result "1/2-1/2"]
[WhiteElo "2340"]
[BlackElo "2465"]
[Annotator "TA"]
[PlyCount "116"]
[EventDate "2017.??.??"]
[SourceTitle "playchess.com"]
[Source "ChessBase"]
[SourceQuality "1"]

{[%evp 12,116,17,18,20,18,25,14,12,9,14,-58,-54,-37,0,0,14,-33,-35,-38,-44,-50,-30,-45,-54,-53,-66,-54,-52,-127,-118,-207,-104,-164,-172,-325,-12,-26,0,0,26,0,0,0,8,0,46,0,0,-11,-14,-29,-32,-30,-43,-43,68,76,101,92,131,48,47,62,56,29,59,0,46,-21,-28,-28,0,-47,-66,-48,-66,-60,-84,-81,-59,-111,-55,-118,-35,-61,0,0,0,0,0,0,0,0,0,0,0,0,0,0,0,0,0,0,0,0,0]} 1. e4 c5 2. Nf3 Nc6 3. Nc3 e5 4. Bc4 d6 5. d3 Be7 6. Nd2 Bg5 7. Nf1 Bxc1 {B30: Sicilian: 2...Nc6 3 Bb5, lines without ...g6} 8. Qxc1 (8. Rxc1 Nge7 9. Ne3 O-O 10. O-O Ng6 11. Ncd5 Be6 12. c3 Na5 13. Nf5 Kh8 14. g3 Qd7 15. Nde3 {1-0 (96) Vachier Lagrave,M (2722)-Carlsen,M (2821) Biel 2011}) 8... Nge7 9. Qg5 O-O 10. Ne3 Kh8 $146 ({Predecessor:} 10... Be6 11. h4 Nd4 12. a4 Kh8 13. O-O-O a6 14. h5 f6 15. Qh4 {1-0 (38) Walek,M (2325)-Kourousis,E (2420) Czech Republic 2015}) 11. O-O-O (11. O-O $11) 11... a6 $15 {[%cal Ba7a6,Ba6a5,Ba5a4,Ba4b3][%mdl 32]} 12. f4 exf4 (12... b5 $15 13. Bb3 Be6) 13. Qxf4 $11 Nd4 {[#] Threatens to win with ...b5.} 14. Qf2 b5 15. Bd5 Rb8 16. Rdf1 a5 17. Ne2 a4 18. Nf4 b4 19. Bc4 Nec6 20. Nfd5 (20. h4 $15) 20... Ne5 $17 21. Nf5 (21. Kb1 $17 {was necessary.}) 21... b3 (21... Bxf5 $1 $19 22. exf5 Ng4) 22. cxb3 (22. Nxd4 $17 {is a better defense.} Nxc4 23. axb3 (23. cxb3 $2 Ne5 $19)) 22... axb3 23. Nxd4 $2 (23. a3 Bxf5 24. exf5) 23... cxd4 $2 (23... bxa2 $19 24. Nc2 {[#]} Ba6 $1 {[%mdl 512]}) 24. a3 $1 $11 Be6 25. Qxd4 Bxd5 26. Bxd5 Qg5+ 27. Kb1 Qxg2 28. Rc1 (28. Qf2 $5 {[%cal Rf2g2]} Qh3 29. Qg3 Qxg3 30. hxg3 $14) 28... h6 (28... Nf3 $5 {[%cal Rf3d4]} 29. Qc3 f5 $14) 29. Qe3 (29. Qg1 $5 {[%cal Rg1g2]} Qd2 30. Qd1 Qxd3+ 31. Qxd3 Nxd3 32. Rc7 $11) 29... Rfc8 30. Rhg1 Qxh2 31. Rh1 Rxc1+ $1 32. Rxc1 Qg2 33. d4 Ng4 (33... Nf3 $15) 34. Qf4 $36 {[%mdl 2048] White is in control.} Nf6 35. Qxd6 Re8 36. Bxf7 (36. Bxb3 $16 Qxe4+ 37. Ka2) 36... Qxe4+ 37. Ka1 Qe3 $1 {[%cal Re3c1]} 38. Qc5 Rb8 39. Qc3 (39. Bg6 $14) 39... Qf4 40. Qc7 (40. Qc4 $14) 40... Qxc7 $11 41. Rxc7 {[%mdl 4096] Endgame KRB-KRN} h5 42. Rc3 g5 {[%cal Bg7g5,Bg5g4][%mdl 32]} 43. Bxb3 g4 44. Be6 $1 Kg7 {[%mdl 1024] Black has compensation.} 45. d5 Rd8 46. a4 ({Better is} 46. b4 $15) 46... Kg6 ({Not} 46... Nxd5 47. Rd3 $16) (46... Kh6 $17 47. b4 Ne4) 47. a5 $15 Kg5 ({Wrong is} 47... Nxd5 $2 48. Rd3 $18) (47... h4 $17 48. b4 Kg5) 48. a6 h4 ({Black should try} 48... Ra8 $1 $15 49. Bc8 h4) 49. Bc8 $1 $11 {Strongly threatening a7.The position is equal.} Nxd5 50. Rc5 g3 {Hoping for ...g2.} 51. Bh3 Kf4 52. a7 Nb6 53. Rb5 Ra8 54. Rxb6 Rxa7+ 55. Kb1 Re7 56. Rf6+ Kg5 57. Rf5+ Kg6 58. Rf4 Kg5 {Precision: White = 38%, Black = 55%.} 1/2-1/2

[Event "21st Hogeschool Zeeland 2017"]
[Site "Vlissingen"]
[Date "2017.08.12"]
[Round "9"]
[White "Vereggen, Lars"]
[Black "Coenen, Eduard"]
[Result "1-0"]
[WhiteElo "2336"]
[BlackElo "2120"]
[Annotator "TA"]
[PlyCount "65"]
[EventDate "2017.??.??"]
[SourceTitle "playchess.com"]
[Source "ChessBase"]
[SourceQuality "1"]

{[%evp 10,65,50,43,57,53,58,35,38,-35,0,0,117,102,149,84,85,84,106,73,130,68,66,58,151,110,187,176,168,179,231,230,393,355,545,516,540,550,549,535,531,525,516,525,541,359,563,561,795,757,749,735,739,736,1118,874,1510,-1276]} 1. d4 g6 2. e4 Bg7 3. Nc3 a6 4. a4 d6 5. Be3 b6 6. h4 {LiveBook: 5 Games. B06: Modern Defence} (6. Qd2 Bb7 7. h4 Nf6 8. f3 Nbd7 9. g4 h6 10. Be2 c5 11. d5 Ne5 12. Nh3 Qc7 13. Nf2 Bc8 14. Rg1 {1-0 (38) Onischuk,V (2613)-Stefanova,A (2505) Almaty 2016}) 6... Nf6 7. f3 $146 ({Predecessor:} 7. Be2 Bb7 8. Bf3 Nbd7 9. Nge2 e5 10. Ng3 h5 11. Be2 exd4 12. Bxd4 O-O 13. Qd2 Re8 {1-0 (37) Krivolapov,K (2315)-Ianov,V (2310) Frydek Mistek 1997}) 7... c5 8. Nge2 {White is slightly better.} Nc6 9. e5 ({White should play} 9. g4 $14) 9... Nh5 10. dxc5 Bxe5 (10... bxc5 $11 {remains equal.} 11. exd6 exd6) 11. cxb6 $16 Ng3 {[#]} 12. Rg1 (12. Nxg3 $142 $1 Bxg3+ 13. Ke2) 12... e6 13. Bf2 Nf5 14. a5 Bb7 ({Better is} 14... h5) 15. Rh1 (15. h5 $16) 15... h5 $14 16. Qd2 Bf6 (16... Bg7 $14) 17. Ng3 Nfd4 (17... Nxg3 $16 18. Bxg3 d5) 18. Nge4 $36 {[%cal Bg3e4,Be4g5,Bg5e6][%mdl 2080] White is in control.} Bg7 19. Ra4 e5 (19... Nf5 $142 20. g4 hxg4) 20. Nd5 $18 {Nc7+ is the strong threat.} Rc8 $2 (20... O-O 21. Nc7 Nf5 22. Nxa8 Qxa8) 21. c3 f5 (21... Bh6 $142 22. Qd1 Ne6) 22. Ng5 ({Less strong is} 22. Bxd4 exd4 23. Ng5 dxc3 $18) ({Not} 22. cxd4 fxe4 23. Nc7+ (23. fxe4 Nxd4 24. Nc7+ Rxc7 $16) 23... Rxc7 $18) 22... Nb3 23. Qd1 Ncxa5 24. Ne6 Qd7 25. Ndc7+ Kf7 26. Ra3 Rxc7 27. Ng5+ ({Inferior is} 27. bxc7 Qxe6 28. Bb6 e4 $11) 27... Ke7 (27... Kf6 {was called for.} 28. bxc7 Qxc7 29. Rxb3 Nxb3 30. Qxb3 Qd7) 28. bxc7 {White is clearly winning.} Bc6 29. Rxb3 Ba4 30. Qd5 {[%csl Gg5][%cal Rd5f7] [#]} Bxb3 31. Qxa5 e4 32. Bxa6 exf3 33. Qe5+ $4 {[%mdl 40960] Precision: White = 47%, Black = 28%. . Loss on Time!?} (33. Kd2 $18 Be5 34. Re1) 1-0

[Event "21st Hogeschool Zeeland 2017"]
[Site "Vlissingen"]
[Date "2017.08.12"]
[Round "9"]
[White "Stillger, Bernhard"]
[Black "Beerdsen, Thomas"]
[Result "1/2-1/2"]
[WhiteElo "2262"]
[BlackElo "2447"]
[Annotator "TA"]
[PlyCount "30"]
[EventDate "2017.??.??"]
[SourceTitle "playchess.com"]
[Source "ChessBase"]
[SourceQuality "1"]

{[%evp 22,30,20,15,27,25,26,32,24,33,35]} 1. Nf3 Nf6 2. c4 e6 3. g3 b6 4. Bg2 Bb7 5. d4 Be7 6. Nc3 O-O 7. O-O Ne4 8. Nxe4 Bxe4 9. Nh4 Bxg2 10. Nxg2 d5 11. Qa4 Bf6 12. Be3 a6 $146 {E18: Queen's Indian: Old Main Line (4 g3 Bb7 5 Bg2 Be7 6 0-0 0-0 7 Nc3)} 13. Rfd1 c6 14. Rac1 b5 15. cxb5 cxb5 1/2-1/2